Surveillance of agricultural price and trade policies: a handbook for Paraguay (Record no. 59149)

MARC details
000 -LEADER
fixed length control field 00934nam a2200241 a 4500
008 - FIXED-LENGTH DATA ELEMENTS--GENERAL INFORMATION
fixed length control field 120416s1996 ||||||||||||||||| || u
020 ## - INTERNATIONAL STANDARD BOOK NUMBER
International Standard Book Number 0821336940
050 ## - LIBRARY OF CONGRESS CALL NUMBER
Classification number IBRD(08)TP/267
100 ## - MAIN ENTRY--PERSONAL NAME
Personal name Martin, Julio
245 10 - TITLE STATEMENT
Title Surveillance of agricultural price and trade policies: a handbook for Paraguay
Statement of responsibility, etc. Alberto Valdes; Barry Schaeffer; Julio Martin
260 ## - PUBLICATION, DISTRIBUTION, ETC.
Place of publication, distribution, etc. Washington, D. C.
Name of publisher, distributor, etc. World Bank
Date of publication, distribution, etc. 1996
300 ## - PHYSICAL DESCRIPTION
Extent xi, 51p. : ill.
350 ## - PRICE (NR) (BK AM CF MU VM SE) [OBSOLETE]
Price 0.00
490 ## - SERIES STATEMENT
Series statement World Bank Technical Papers
650 ## - SUBJECT ADDED ENTRY--TOPICAL TERM
Topical term or geographic name entry element AGRICULTURE
650 ## - SUBJECT ADDED ENTRY--TOPICAL TERM
Topical term or geographic name entry element AGRICULTURE PRICES--GOVERNMENT POLICY--PARAGUAY--STATISTICS
650 ## - SUBJECT ADDED ENTRY--TOPICAL TERM
Topical term or geographic name entry element PRODUCE TRADE--PARAGUAY--STATISTICS
650 ## - SUBJECT ADDED ENTRY--TOPICAL TERM
Topical term or geographic name entry element FARM PRODUCE--PARAGUAY--STATISTICS
700 ## - ADDED ENTRY--PERSONAL NAME
Personal name Schaeffer, Barry
700 ## - ADDED ENTRY--PERSONAL NAME
Personal name Valdes, Alberto
710 ## - ADDED ENTRY--CORPORATE NAME
Corporate name or jurisdiction name as entry element World Bank
995 ## - RECOMMENDATION 995 [LOCAL, UNIMARC FRANCE]
-- 0.00
-- CBU-MAIN LIBRARY (Kitwe)
-- 1
-- 0.00
-- AVAILABLE
-- International Publications
Holdings
Withdrawn status Lost status Source of classification or shelving scheme Damaged status Not for loan Home library Current library Shelving location Date acquired Total Checkouts Full call number Barcode Date last seen Price effective from Koha item type
          CBU-MAIN LIBRARY, KITWE. CBU-MAIN LIBRARY, KITWE.   11/30/2022   IBRD(08)TP/267 019460 11/30/2022 11/30/2022 MONOGRAPH